Welcome to the Holygrace Academy Library

Please use search bar below to get started

AMBEDKAR:ORU JEEVITHAM (Record no. 8586)

MARC details
000 -LEADER
fixed length control field 00423nam a22001577a 4500
020 ## - INTERNATIONAL STANDARD BOOK NUMBER
ISBN 978-93-5643-482-0
082 ## - DEWEY DECIMAL CLASSIFICATION NUMBER
Classification number 920
Item number THA/A
100 ## - MAIN ENTRY--AUTHOR NAME
Personal name THAROOR, SHASHI
245 ## - TITLE STATEMENT
Title AMBEDKAR:ORU JEEVITHAM
246 ## - VARYING FORM OF TITLE
Title proper/short title AMBEDKAR: ORU JEEVITHAM
Remainder of title AMBEDKAR: ORU JEEVITHAM
260 ## - PUBLICATION, DISTRIBUTION, ETC. (IMPRINT)
Place of publication KOTTAYAM
Name of publisher D C
Year of publication 2023
300 ## - PHYSICAL DESCRIPTION
Number of Pages 280
520 ## - SUMMARY, ETC.
Summary, etc BIOGRAPHY OF AMBEDKAR
650 ## - SUBJECT ADDED ENTRY--TOPICAL TERM
Topical Term BIOGRAPHY OF AMBEDKAR MALAYALAM TRANSLATION
942 ## - ADDED ENTRY ELEMENTS (KOHA)
Koha item type Books
Holdings
Withdrawn status Lost status Collection code Home library Current library Shelving location Date acquired Source of acquisition Cost, normal purchase price Full call number Accession Number Koha item type
    Non-fiction Main Library Main Library NEW SHELF WITH NEW ENTRY 26/10/2023 PURCHASED 340.00 920 THA/A 13204 Books